Probability, Statistics and Random Processes (Record no. 10701)

MARC details
000 -LEADER
fixed length control field 00403nam a22001697a 4500
003 - CONTROL NUMBER IDENTIFIER
control field OSt
008 - FIXED-LENGTH DATA ELEMENTS--GENERAL INFORMATION
fixed length control field 210707b ||||| |||| 00| 0 eng d
020 ## - INTERNATIONAL STANDARD BOOK NUMBER
International Standard Book Number 9780070669253
082 ## - DEWEY DECIMAL CLASSIFICATION NUMBER
Classification number 519.23 VEP
100 ## - MAIN ENTRY--PERSONAL NAME
Personal name VEERARAJAN,T
245 ## - TITLE STATEMENT
Title Probability, Statistics and Random Processes
250 ## - EDITION STATEMENT
Edition statement 3rd
260 ## - PUBLICATION, DISTRIBUTION, ETC. (IMPRINT)
Place of publication, distribution, etc New Delhi
Name of publisher, distributor, etc TMH
Date of publication, distribution, etc 2019
300 ## - PHYSICAL DESCRIPTION
Extent 595
650 ## - SUBJECT ADDED ENTRY--TOPICAL TERM
Topical term or geographic name as entry element Applied Sc
942 ## - ADDED ENTRY ELEMENTS (KOHA)
Source of classification or shelving scheme Dewey Decimal Classification
Koha item type Text Books
942 ## - ADDED ENTRY ELEMENTS (KOHA)
-- 15
Holdings
Withdrawn status Lost status Source of classification or shelving scheme Damaged status Not for loan Collection code Home library Current library Date acquired Source of acquisition Currency Cost, normal purchase price Bill Number Total Checkouts Full call number Acc. no. / Barcode Date last seen Date last borrowed Actual Cost, discounted price Bill Date Koha item type Checked out
    Dewey Decimal Classification     Applied Sc. PIET C-LIBRARY PIET C-LIBRARY 09/06/2021 Kirti Praskshan IN Rupees 755.00 IN2118 6 519.23 VEP 32962 26/12/2024 10/12/2024 520.95 09/06/2021 Text Books  
    Dewey Decimal Classification     Applied Sc. PIET C-LIBRARY PIET C-LIBRARY 09/06/2021 Kirti Praskshan IN Rupees 755.00 IN2118   519.23 VEP 32963 07/07/2021   520.95 09/06/2021 Text Books  
    Dewey Decimal Classification     Applied Sc. PIET C-LIBRARY PIET C-LIBRARY 09/06/2021 Kirti Praskshan IN Rupees 755.00 IN2118 11 519.23 VEP 32964 01/04/2026 18/03/2026 520.95 09/06/2021 Text Books  
    Dewey Decimal Classification     Applied Sc. PIET C-LIBRARY PIET C-LIBRARY 09/06/2021 Kirti Praskshan IN Rupees 755.00 IN2118 4 519.23 VEP 32965 24/02/2026 09/02/2026 520.95 09/06/2021 Text Books  
    Dewey Decimal Classification     Applied Sc. PIET C-LIBRARY PIET C-LIBRARY 09/06/2021 Kirti Praskshan IN Rupees 755.00 IN2118 5 519.23 VEP 32966 15/04/2026 01/04/2026 520.95 09/06/2021 Text Books  
    Dewey Decimal Classification     Applied Sc. PIET C-LIBRARY PIET C-LIBRARY 09/06/2021 Kirti Praskshan IN Rupees 755.00 IN2118 6 519.23 VEP 32967 08/11/2023 08/11/2023 520.95 09/06/2021 Text Books 06/05/2024
    Dewey Decimal Classification     Applied Sc. PIET C-LIBRARY PIET C-LIBRARY 09/06/2021 Kirti Praskshan IN Rupees 755.00 IN2118 7 519.23 VEP 32968 27/04/2026 15/04/2026 520.95 09/06/2021 Text Books  
    Dewey Decimal Classification     Applied Sc. PIET C-LIBRARY PIET C-LIBRARY 09/06/2021 Kirti Praskshan IN Rupees 755.00 IN2118 9 519.23 VEP 32969 31/10/2023 08/08/2023 520.95 09/06/2021 Text Books  
    Dewey Decimal Classification     Applied Sc. PIET C-LIBRARY PIET C-LIBRARY 09/06/2021 Kirti Praskshan IN Rupees 755.00 IN2118 8 519.23 VEP 32970 25/06/2024 21/06/2024 520.95 09/06/2021 Text Books  
    Dewey Decimal Classification     Applied Sc. PIET C-LIBRARY PIET C-LIBRARY 09/06/2021 Kirti Praskshan IN Rupees 755.00 IN2118 1 519.23 VEP 32971 15/11/2021 29/10/2021 520.95 09/06/2021 Text Books  

Design & Developed by: PIET Central Library
R70 Miles Stone Pattikalyana Samalkha Panipat 132102
mail ID :- [email protected], Phone No:- 0180-2569700 Ex.216